A Handbook on Incentives for the Promotion of Family Planning Amongst Workers in the Organised Sector : (Record no. 3040)
[ view plain ]
| 000 -LEADER | |
|---|---|
| fixed length control field | 00797nam a2200145Ia 4500 |
| 005 - DATE AND TIME OF LATEST TRANSACTION | |
| control field | 20240822022755.0 |
| 008 - FIXED-LENGTH DATA ELEMENTS--GENERAL INFORMATION | |
| fixed length control field | 240331s9999 xx 000 0 und d |
| 020 ## - INTERNATIONAL STANDARD BOOK NUMBER | |
| ISBN | 9221075443 |
| 082 ## - DDC Classification | |
| Item Number - Author Mark | AHA |
| Class No. | 613.94 |
| 245 #2 - TITLE STATEMENT | |
| Title | A Handbook on Incentives for the Promotion of Family Planning Amongst Workers in the Organised Sector : |
| Remainder of title | - |
| 260 ## - PUBLICATION, DISTRIBUTION, ETC. | |
| Place of publication, distribution, etc. | Bangkok |
| Name of publisher, distributor, etc. | Labor and Population Team for Asia and the Pacific |
| Date of publication, distribution, etc. | 1990 |
| 300 ## - PHYSICAL DESCRIPTION | |
| Extent (e.g. Volumes, Pages etc.) | 40 p ., |
| 500 ## - GENERAL NOTE | |
| General note | The basic purpose of this handbook is to explain the role of Special payments and other measures which have been or may be utilized by employers, trade unions and labor Administrations to encourage workers and their spouses to practice family planning; employers to provide the necessary education and services to make such practice possible; |
| 942 ## - Koha item type (Biblio) | |
| Koha item type | Books in Stacks (Lending) |
| Lost status | Damaged status | Collection code | Home library | Current library | Shelving location | Date acquired | Full call number | Accession Number | Item type |
|---|---|---|---|---|---|---|---|---|---|
| Lending | WERC Library | WERC Library | Social Science Cupboard | 03/31/2024 | 613.94 AHA | 5659 | Books in Stacks (Lending) |
